000 00731nam a2200217 a 4500
001 000044473
003 DO-SdBNP
005 20180402125325.0
007 000044473
008 140702s2002 dr af 000 0 spa d
040 _aBPMET
_bspa
_cBPMET
100 1 _aBidó, Cándido
245 1 3 _aEl árbol de los pájaros =
_bL’ arbre aux oiseaux tree of birds /
_cCándido Bído, Marlenne de Tolentino; traducciones Martha Thayer...[et.al].
260 _aSanto Domingo :,
_cCentro Cultural Cariforo,
_c2002.
300 _a32 p. :
_bil. ;
_c25 cm.
700 1 2 _aTolentino, Marlenne
700 1 2 _aThayer, Martha
_etr.
942 _2ddc
_cBK
945 _aRemanejado para la BNPHU / 2018 VM
956 _aVMATEO
_b10
_c20140703
_lBPMSU
_h0069
999 _c7390
_d7390